effect of different fertilizer rate on growth and yield in rice variety sen pidao (ឥទ្ធិពលនៃកំរិតគីមីផ្សេងៗគ្នា ទៅលើកាលូតលាស់ និង​ទិន្នផលស្រូវសែនពិដោរ) (Record no. 691)

000 -LEADER
fixed length control field 00637nam a22001577a 4500
003 - CONTROL NUMBER IDENTIFIER
control field OSt
005 - DATE AND TIME OF LATEST TRANSACTION
control field 20150918085404.0
008 - FIXED-LENGTH DATA ELEMENTS--GENERAL INFORMATION
fixed length control field 150918b xxu||||| |||| 00| 0 eng d
040 ## - CATALOGING SOURCE
Transcribing agency RUA
082 ## - DEWEY DECIMAL CLASSIFICATION NUMBER
Classification number AGR YAT 2004 B030 Or.1
100 ## - MAIN ENTRY--PERSONAL NAME
9 (RLIN) 719
Personal name YATH, YOEUY.
245 ## - TITLE STATEMENT
Title effect of different fertilizer rate on growth and yield in rice variety sen pidao (ឥទ្ធិពលនៃកំរិតគីមីផ្សេងៗគ្នា ទៅលើកាលូតលាស់ និង​ទិន្នផលស្រូវសែនពិដោរ)
260 ## - PUBLICATION, DISTRIBUTION, ETC. (IMPRINT)
Place of publication, distribution, etc. Phnom Penh
Name of publisher, distributor, etc. RUA
Date of publication, distribution, etc. 2004
300 ## - PHYSICAL DESCRIPTION
Extent 62p.
Other physical details ill.
Dimensions 29cm.
942 ## - ADDED ENTRY ELEMENTS (KOHA)
Source of classification or shelving scheme
Koha item type AGR
Holdings
Price effective from Date last seen Permanent Location Not for loan Date acquired Source of classification or shelving scheme Koha item type Lost status Withdrawn status Total Renewals Date last checked out Total Checkouts Shelving location Damaged status Barcode Checked out Current Location Full call number
2015-09-182017-11-14Library Block B 2015-09-18 AGR  12017-10-312B030 RUA001185 Library Block BAGR YAT 2004 B030 Or.1
2015-10-312017-01-25Library Block B 2015-10-31 AGR  32017-01-254B030 RUA0306242017-03-01Library Block BAGR YAT 2004 B030 Or.2
មជ្ឈមណ្ឌលឯការនៃសាកលវិទ្យាល័យភូមិន្ទកសិកម្មចំការដូង

Powered by Koha